Los Angeles Clippers 40 Point Games - Statistics

General Stats
  • This quiz has been taken 239 times
    3 since last reset
  • The average score is 11 of 26
Answer Stats
Player Max Nb % Correct
Blake Griffin 47 8
100%
Bob McAdoo 52 48
100%
Chris Paul 42 3
100%
Kawhi Leonard 55 10
100%
Paul George 46 7
100%
Charles Smith 52 3
67%
Derek Smith 41 1
67%
Elmore Smith 40 1
67%
Freeman Williams 51 2
67%
James Harden 55 6
67%
J.J. Redick 40 1
67%
Lou Williams 50 6
67%
Randy Smith 41 2
67%
Darius Garland 41 1
33%
Elton Brand 44 1
33%
World B. Free 49 13
33%
Billy Knight 41 2
0%
Bob Kauffman 44 2
0%
Danny Manning 43 1
0%
Dominique Wilkins 42 1
0%
Don May 40 1
0%
Eric Gordon 41 1
0%
Jim McMillian 48 1
0%
Norman Powell 41 1
0%
Quentin Richardson 44 1
0%
Robert Covington 43 1
0%
No matching quizzes found
Score Distribution
Percent of People with Each Score
Percentile by Number Answered
Your Score History
You have not taken this quiz since the last reset